000 00611nam a2200229 i 4500
001 C2-0232656
003 PPAK
005 20180728085841.0
008 010131s1959 enka|||| ||||| | eng d
040 _aPPAK
_beng
_cPPAK
_erda
082 0 4 _a510
_223
090 0 0 _a510
_bSAW
_dKSI
100 1 _aSawyer, W.W.,
_eauthor
245 1 0 _aMathematician's delight
264 1 _aMiddlesex :
_bPenguin Books ,
_c1959
300 _a238 pages :
_billustrations ;
_c17 cm
336 _2rdacontent
_atext
337 _2rdamedia
_aunmediated
338 _2rdacarrier
_avolume
650 1 0 _aMathematics
942 _ddc
_cB
999 _c151802
_d151802